League Of Legends Worlds 2022 - Statistiken

Allgemein
  • Dieses Quiz wurde 249 mal gespielt
  • Das Durchschnittsergebnis liegt bei 10 aus 16
Antwortstatistiken
Gruppe Region Team % Korrekt
Gruppe B Europe G2 Esports
98%
Gruppe A Korea T1
94%
Gruppe A Europe Fnatic
87%
Gruppe A North America Cloud9
83%
Gruppe C Korea DRX
75%
Gruppe D Korea Gen.G
75%
Gruppe C Europe Rogue
71%
Gruppe A China EDward Gaming
70%
Gruppe B Korea DWG KIA
66%
Gruppe B China JD Gaming
64%
Gruppe C Vietnam GAM Esports
60%
Gruppe D China Royal Never Give Up
55%
Gruppe D North America 100 Thieves
50%
Gruppe C China Top Esports
43%
Gruppe B North America Evil Geniuses
31%
Gruppe D PCS (Taiwan) CTBC Flying Oyster
22%
Keine übereinstimmenden Quizze gefunden
Verteilung der Resultate
Anzahl Personen mit jedem Resultat
Perzentil nach korrekt beantworteten Fragen
Ihre Resultats-Entwicklung
Sie haben dieses Quiz noch nicht gespielt